Клиническая дозиметрия рентгеновского излучения: учебно-методическое пособие

Bibliographic Details
Corporate Author: Национальный исследовательский Томский политехнический университет Инженерная школа ядерных технологий
Other Authors: Сухих Е. С. Евгения Сергеевна, Сухих Л. Г. Леонид Григорьевич, Вертинский А. В. Андрей Владимирович, Клиновицкая М. И. Марина Игоревна
Summary:Заглавие с титульного экрана
Электронная версия печатной публикации
В пособии изложены основы клинической дозиметрии рентгеновского излучения в диапазоне энергий от 80 до 300 кэВ. Состоит из краткого теоретического минимума и описания практических особенностей клинической дозиметрии рентгеновского излучения. Подготовлено на основе международных рекомендаций, разработанных ведущими специалистами в области клинической дозиметрии рентгеновского излучения для лучевой терапии. Предназначено для магистрантов, обучающихся по направлению 14.03.02 «Ядерные физика и технологии», а также для медицинских физиков, работающих в радиотерапевтических отделениях.
Language:Russian
Published: Томск, Изд-во ТПУ, 2021
Subjects:
Online Access:https://www.lib.tpu.ru/fulltext2/m/2021/m28.pdf
Format: Electronic Book
KOHA link:https://koha.lib.tpu.ru/cgi-bin/koha/opac-detail.pl?biblionumber=346322

MARC

LEADER 00000nlm0a2200000 4500
001 346322
005 20240521063145.0
035 |a (RuTPU)RU\TPU\book\378202 
035 |a RU\TPU\book\377398 
090 |a 346322 
100 |a 20210803d2021 m y0rusy50 ca 
101 0 |a rus 
102 |a RU 
105 |a a j 001zy 
135 |a drcn ---uucaa 
181 0 |a i  
182 0 |a b 
200 1 |a Клиническая дозиметрия рентгеновского излучения  |e учебно-методическое пособие  |f Е. С. Сухих, Л. Г. Сухих, А. В. Вертинский, М. И. Клиновицкая  |g Национальный исследовательский Томский политехнический университет, Инженерная школа ядерных технологий 
203 |a Текст  |c электронный 
210 |a Томск  |c Изд-во ТПУ  |d 2021 
300 |a Заглавие с титульного экрана 
300 |a Электронная версия печатной публикации 
330 |a В пособии изложены основы клинической дозиметрии рентгеновского излучения в диапазоне энергий от 80 до 300 кэВ. Состоит из краткого теоретического минимума и описания практических особенностей клинической дозиметрии рентгеновского излучения. Подготовлено на основе международных рекомендаций, разработанных ведущими специалистами в области клинической дозиметрии рентгеновского излучения для лучевой терапии. Предназначено для магистрантов, обучающихся по направлению 14.03.02 «Ядерные физика и технологии», а также для медицинских физиков, работающих в радиотерапевтических отделениях. 
452 1 |0 (RuTPU)RU\TPU\book\378353  |y 978-5-4387-0989-3  |t Клиническая дозиметрия рентгеновского излучения  |o учебно-методическое пособие  |f Е. С. Сухих, Л. Г. Сухих, А. В. Вертинский, М. И. Клиновицкая  |g Национальный исследовательский Томский политехнический университет  |c Томск  |n Изд-во ТПУ  |d 2021  |p 86 с. 
606 1 |a Клиническая дозиметрия  |2 stltpush  |3 (RuTPU)RU\TPU\subj\14538  |9 40913 
610 1 |a электронный ресурс 
610 1 |a труды учёных ТПУ 
610 1 |a учебно-методические пособия 
610 1 |a рентгенотерапевтические аппараты 
610 1 |a клинические дозиметры 
610 1 |a ионизационные камеры 
610 1 |a фантомы 
610 1 |a слои половинного ослабления 
610 1 |a поглощенные дозы 
610 1 |a пучки 
610 1 |a пучки излучений 
610 1 |a рентгеновское излучение 
610 1 |a дозиметрические характеристики 
675 |a 661-07(075.8)  |v 4 
701 1 |a Сухих  |b Е. С.  |c специалист в области атомной энергетики  |c доцент Томского политехнического университета, кандидат физико-математических наук  |f 1986-  |g Евгения Сергеевна  |y Томск  |3 (RuTPU)RU\TPU\pers\31149  |9 15345 
701 1 |a Сухих  |b Л. Г.  |c физик  |c профессор Томского политехнического университета, доктор наук  |f 1984-  |g Леонид Григорьевич  |3 (RuTPU)RU\TPU\pers\25833  |9 11706 
701 1 |a Вертинский  |b А. В.  |c специалист в области ядерных технологий  |c ведущий инженер Томского политехнического университета  |f 1986-  |g Андрей Владимирович  |9 22992 
701 1 |a Клиновицкая  |b М. И.  |g Марина Игоревна 
712 0 2 |a Национальный исследовательский Томский политехнический университет  |b Инженерная школа ядерных технологий  |c (2017- )  |3 (RuTPU)RU\TPU\col\23380 
801 1 |a RU  |b 63413507  |c 20120229 
801 2 |a RU  |b 63413507  |c 20211026  |g RCR 
856 4 |u https://www.lib.tpu.ru/fulltext2/m/2021/m28.pdf 
942 |c CF